000 00976nam a2200241 a 4500
001 68925
003 BD-RjUL
005 20211209081829.0
008 170408s1983 bg ||||| b||| 00| 0 eng d
020 _cTK: 38
035 _a(BD-RjUL)69136
040 _aBD-RjUL
_beng
_cBD-RjUL
041 _aeng
082 _223
_a302.14
_bOAU 1983
100 _aওয়াহিদ, আবদুল
_9138634
245 _aউপমহাদেশের রাজনীতিতে সাম্প্রদায়ীকতা ও মুসলমান /
_cআবদুল ওয়াহিদ
260 _aঢাকা :
_bইসলামিক ফাউন্ডেশন,
_c১৯৮৩.
300 _a[চ], ৩৮৬ পৃ. ;
_c২২ সেমি.
504 _aগ্রন্থপঞ্জি সংযুক্ত।
650 _aসাম্প্রদায়ীকতা
_xcommunalism
_9204247
650 _aরাজনীতি
_xPolitics
_9204248
942 _2ddc
_cBK
999 _c68925
_d68925